=LDR 00000nam 2200000 4500 =001 INLIS000000000035791 =005 20130612141624 =008 ***********************************Ind** =035 ##$$0010-061300000035791 =041 ##$$a Ind =082 ##$$a 338.643 =090 ##$$a 338.634, Akb m =100 ##$$a Akbar,Rasyid =245 ##$$a Manfaat Tempurung KelapaRasyid Akbar =260 ##$$a 1985 $b Jakarta =300 ##$$a 48 hlm., ilus., 21 cm =850 ##$$a NBPNMAT